书目信息 |
| 题名: |
淮河流域水资源可持续利用
|
|
| 作者: | 毛信康 编著 | |
| 分册: | ||
| 出版信息: | 北京 科学出版社 2006 |
|
| 页数: | 240页 | |
| 开本: | 26cm | |
| 丛书名: | ||
| 单 册: | ||
| 中图分类: | TV213.9 | |
| 科图分类: | ||
| 主题词: | 淮河--流域--水资源--资源利用--可持续发展--研究 | |
| 电子资源: | ||
| ISBN: | 7-03-016895-X | |
| 000 | 00946nam0 2200265 450 | |
| 001 | 012004086417 | |
| 005 | 20070805145547.07 | |
| 009 | 012004086417 | |
| 010 | @a7-03-016895-X@dCNY39.00 | |
| 035 | @a(110019)012006111822 | |
| 100 | @a20061101d2006 em y0chiy0110 ea | |
| 101 | 0 | @achi |
| 102 | @aCN@b110000 | |
| 105 | @ak z 000yy | |
| 106 | @ar | |
| 200 | 1 | @a淮河流域水资源可持续利用@Ahuai he liu yu shui zi yuan ke chi xu li yong@f毛信康编著@Fmao xin kang bian zhu |
| 210 | @a北京@c科学出版社@d2006 | |
| 215 | @a240页@c表@d26cm | |
| 300 | @a国家科学技术学术著作出版基金资助出版 | |
| 330 | @a书中介绍了淮河流域自然与经济状况,详细阐述了流域内水环境、水资源开发与利用现状、地下水及其转换调控,讨论了淮河流域水资源可持续利用的思路及主要措施等。 | |
| 606 | 0 | @a淮河@x流域@x水资源@x资源利用@x可持续发展@x研究 |
| 690 | @aTV213.9@v4 | |
| 701 | 0 | @a毛信康@Amao xin kang@4编著 |
| 801 | 0 | @aCN@b110019@c20070805 |
| 905 | @dTV213.9@e48@f4 | |
| 淮河流域水资源可持续利用/毛信康编著.-北京:科学出版社,2006 |
| 240页:表;26cm |
| 国家科学技术学术著作出版基金资助出版 |
| ISBN 7-03-016895-X:CNY39.00 |
| 书中介绍了淮河流域自然与经济状况,详细阐述了流域内水环境、水资源开发与利用现状、地下水及其转换调控,讨论了淮河流域水资源可持续利用的思路及主要措施等。 |
| ● |
| 相关链接 |
|
|
|
|
正题名:淮河流域水资源可持续利用
索取号:TV213.9/48
 
预约/预借
| 序号 | 登录号 | 条形码 | 馆藏地/架位号 | 状态 | 备注 |
| 1 | 0851856 | 208518567 | 第二样本阅览室/ [索取号:TV213.9/48] | 在馆 | |
| 2 | 0851857 | 208518576 | 第三借阅区/ [索取号:TV213.9/48] | 在馆 | |
| 3 | 0851858 | 208518585 | 第三借阅区/ [索取号:TV213.9/48] | 在馆 | |
| 4 | 0851859 | 208518594 | 第三借阅区/ [索取号:TV213.9/48] | 在馆 |